The symbolists / (Record no. 127308)
[ view plain ]
| 000 -LEADER | |
|---|---|
| fixed length control field | 01298cam5a220031300 4500 |
| 001 - CONTROL NUMBER | |
| control field | lce00784752 |
| 008 - FIXED-LENGTH DATA ELEMENTS--GENERAL INFORMATION | |
| fixed length control field | 731108s1973 nyua b 001 0 eng |
| 010 ## - LIBRARY OF CONGRESS CONTROL NUMBER | |
| LC control number | 72089483 |
| 020 ## - INTERNATIONAL STANDARD BOOK NUMBER | |
| International Standard Book Number | 071481590X |
| 020 ## - INTERNATIONAL STANDARD BOOK NUMBER | |
| Terms of availability | |
| -- | 9.50 |
| 035 ## - SYSTEM CONTROL NUMBER | |
| System control number | (Sirsi) r87180 |
| 035 ## - SYSTEM CONTROL NUMBER | |
| System control number | (DLC) 72089483 |
| 035 ## - SYSTEM CONTROL NUMBER | |
| System control number | (UPRA)lce00784752 |
| 040 ## - CATALOGING SOURCE | |
| Modifying agency | UPRA |
| 041 1# - LANGUAGE CODE | |
| Language code of text/sound track or separate title | eng fre |
| Language code of original | eng fre |
| 043 ## - GEOGRAPHIC AREA CODE | |
| Geographic area code | e-be--- e-fr--- |
| -- | e-be--- e-fr--- |
| 050 0# - LIBRARY OF CONGRESS CALL NUMBER | |
| Classification number | NX549.A1 |
| Item number | J8413 |
| 082 ## - DEWEY DECIMAL CLASSIFICATION NUMBER | |
| Classification number | 760/.0944 |
| 100 1# - MAIN ENTRY--PERSONAL NAME | |
| Personal name | Jullian, Philippe. |
| Linkage | A46629.1 |
| 245 14 - TITLE STATEMENT | |
| Title | The symbolists / |
| Statement of responsibility, etc. | [translated by Mary Anne Stevens]. |
| 260 ## - PUBLICATION, DISTRIBUTION, ETC. | |
| Place of publication, distribution, etc. | [New York] : |
| Name of publisher, distributor, etc. | Phaidon; [distributed by Praeger Publishers, |
| Date of publication, distribution, etc. | 1973] |
| 504 ## - BIBLIOGRAPHY, ETC. NOTE | |
| Bibliography, etc. note | Includes bibliographical references. |
| 650 #0 - SUBJECT ADDED ENTRY--TOPICAL TERM | |
| Topical term or geographic name entry element | Symbolism (Art movement) -- France. |
| Geographic subdivision | Symbolism (Art movement) -- France. |
| Linkage | S35883.1 |
| 650 #0 - SUBJECT ADDED ENTRY--TOPICAL TERM | |
| Topical term or geographic name entry element | Arts, Modern -- 19th century -- France. |
| Chronological subdivision | Arts, Modern -- 19th century -- France. |
| Geographic subdivision | Arts, Modern -- 19th century -- France. |
| Linkage | S35884.1 |
| 650 #0 - SUBJECT ADDED ENTRY--TOPICAL TERM | |
| Topical term or geographic name entry element | Symbolism (Art movement) -- Belgium. |
| Geographic subdivision | Symbolism (Art movement) -- Belgium. |
| Linkage | S35885.1 |
| 650 #0 - SUBJECT ADDED ENTRY--TOPICAL TERM | |
| Topical term or geographic name entry element | Arts, Modern -- 19th century -- Belgium. |
| Chronological subdivision | Arts, Modern -- 19th century -- Belgium. |
| Geographic subdivision | Arts, Modern -- 19th century -- Belgium. |
| Linkage | S35886.1 |
| 949 ## - LOCAL PROCESSING INFORMATION (OCLC) | |
| a | NX549.A1 |
| w | lcc |
| i | -121424 |
| m | MAIN |
| t | BOOK |
| l | ON-SHELF |
No items available.